Macroeconomic theory and policy : (Record no. 55660)

MARC details
000 -LEADER
fixed length control field 00862nam a22002297a 4500
005 - DATE AND TIME OF LATEST TRANSACTION
control field 20110819110423.0
008 - FIXED-LENGTH DATA ELEMENTS--GENERAL INFORMATION
fixed length control field 110819t xxu||||| |||| 00| 0 eng d
010 ## - LCCN (DPL NO)
LC control number ENG-103533
020 ## - INTERNATIONAL STANDARD BOOK NUMBER
International Standard Book Number 9788190327220
Terms of availability 250.00
035 ## - SYSTEM CONTROL NUMBER
System control number EN-87066
037 ## - SOURCE OF ACQUISITION
Source of stock number/acquisition DBAD/PUB
040 ## - CATALOGING SOURCE
Original cataloging agency DPL
Language of cataloging Eng
082 ## - DEWEY DECIMAL CLASSIFICATION NUMBER
Classification number 339.5
100 ## - MAIN ENTRY--PERSONAL NAME
Personal name Bhaduri, Amit
9 (RLIN) 33143
245 ## - TITLE STATEMENT
Title Macroeconomic theory and policy :
Remainder of title critical essays on the dynamics of capitalism /
Statement of responsibility, etc by Amit Bhaduri
260 ## - PUBLICATION, DISTRIBUTION, ETC. (IMPRINT)
Place of publication, distribution, etc Kolkata
Name of publisher, distributor, etc Setu Prakashani
Date of publication, distribution, etc 2010
270 ## - ADDRESS
Address 12/A, Shankar Ghosh Lane,
City Kolkata
Postal code 700006
300 ## - PHYSICAL DESCRIPTION
Extent 240p.
Other physical details 21cm (pbk)
500 ## - GENERAL NOTE
General note Includes bibliographical references
942 ## - ADDED ENTRY ELEMENTS (KOHA)
Source of classification or shelving scheme Dewey Decimal Classification
Item type English Books
Classification part 339.5
Call number suffix BHA
Holdings
Withdrawn status Lost status Source of classification or shelving scheme Damaged status Not for loan Collection code Home library Current library Date acquired Source of acquisition Cost, normal purchase price Total Checkouts Full call number Barcode Date last seen Copy number Cost, replacement price Koha item type
    Dewey Decimal Classification   Not For Loan Non-fiction D.B.Act.Division D.B.Act.Division 19/08/2011 DBAD/PUB 250.00   339.5 BHA EN-87066 19/08/2011 1 250.00 English Books

© Delhi Public Library
Hit Counter
free hit counter